El libro del amor /
Αποθηκεύτηκε σε:
| Κύριος συγγραφέας: | |
|---|---|
| Μορφή: | Βιβλίο |
| Γλώσσα: | Ισπανικά |
| Έκδοση: |
Madrid, España :
Hiperión,
2001, c2001
|
| Σειρά: | (Poesía Hiperión ;
399) |
| Θέματα: | |
| Ετικέτες: |
Δεν υπάρχουν, Καταχωρήστε ετικέτα πρώτοι!
|
MARC
| LEADER | 00000nam^a2200000^a^4500 | ||
|---|---|---|---|
| 001 | 000136140 | ||
| 005 | 20250521000000.0 | ||
| 009 | 20260310095308.363 | ||
| 020 | |a 84-7517-691-7 | ||
| 037 | |a Acervo ITESO - Biblioteca | ||
| 041 | |a ESP | ||
| 082 | |a 892. 7 |b KAB | ||
| 100 | |a Kabbani, Nizar |e (autor) | ||
| 245 | 1 | 3 | |a El libro del amor / |c N. Kabbani ; tr. por María Luisa Prieto. |
| 264 | 4 | |a Madrid, España : |b Hiperión, |c 2001, c2001 | |
| 300 | |a 126 p. | ||
| 336 | |a texto |b txt |2 rdacontenido | ||
| 337 | |a sin mediación |b n |2 rdamedio | ||
| 338 | |a volumen |b nc |2 rdasoporte | ||
| 440 | 1 | |a (Poesía Hiperión ; |v 399) | |
| 500 | |a Traducción de: Kitab al-hubb | ||
| 545 | 0 | |a Nizar Kabbani (Damasco, 1923 – Londres, 1998) es considerado por la crítica como uno de los mayores poetas contemporáneos, que da voz al amor y adora la belleza femenina, necesidad vital que provoca al poeta un deseo insaciable de amor físico. A lo largo de su vida publicó más de cincuenta libros de poesía y recibió numerosos premios literarios, a pesar de que también fue duramente criticado, especialmente por abordar sin tapujos el tabú más sagrado de la cultura árabe tradicional: el sexual. Tras una intensa vida salpicada de tragedias, fallece en Inglaterra. El libro del amor refleja la alegría y el sufrimiento del gran amor insipirado por la mujer a la que el poeta amó apasionadamente y que se convertiría en su segunda esposa. | |
| 546 | |a Edición bilingüe español-árabe | ||
| 649 | |a XX | ||
| 650 | |a Poesía Amorosa - |z Siria | ||
| 650 | |a Poesía Siria | ||
| 650 | |a Poesía Arabe | ||
| 650 | |a Amor en la Literatura - |z Siria | ||
| 650 | |a Literatura Siria - |y Siglo XX | ||
| 650 | |a Literatura Arabe - |y Siglo XX | ||
| 910 | |a Fondo General | ||
| 920 | |a Impresos - Libros | ||
| 930 | |a Colección General | ||
| 940 | |a Literatura | ||
| 905 | |a 101 | ||
| 901 | |a 0500064961 |b IT1 |c LIT |u 20250521 | ||
| 902 | |a https://opac.biblio.iteso.mx/vufind/Record/000136140 | ||